[Event "GRE-chT Online Rapid op 1st"]
[Site "Tornelo INT"]
[Date "2021.02.20"]
[Round "1.23"]
[White "Gkizis, Konstantinos"]
[Black "Barbagiannis, Panayotis"]
[Result "0-1"]
[WhiteElo "1030"]
[BlackElo "1943"]
[PlyCount "60"]
[EventDate "2021.02.20"]
[EventType "team-swiss (rapid)"]
[EventRounds "9"]
[EventCountry "GRE"]
[SourceTitle "EXT 2023"]
[Source "ChessBase"]
[SourceDate "2022.10.05"]
[SourceVersion "1"]
[SourceVersionDate "2022.10.05"]
[SourceQuality "1"]

1. e4 c5 2. Nf3 Nc6 3. c3 g6 4. Bd3 Bg7 5. Bc2 d6 6. d3 Nf6 7. h3 0-0 8. 0-0 b5 9. Be3 b4 10. d4 bxc3 11. Nxc3 cxd4 12. Nxd4 Nxd4 13. Qxd4 Ba6 14. Rfd1 Ng4 15. Qd2 Nxe3 16. Qxe3 Rb8 17. Rab1 Qa5 18. Qxa7 Rb7 19. Qe3 Rfb8 20. Bb3 Qh5 21. Qf4 g5 22. Qf5 Be5 23. Rd5 e6 24. g4 Qh6 25. Rxd6 Bxd6 26. Qf3 Be5 27. Rd1 Qf6 28. Qe3 Qf4 29. Qxf4 Bxf4 30. Rd3 Bxd3 0-1

[Event "GRE-ch U16"]
[Site "Kallithea"]
[Date "2009.06.30"]
[Round "8"]
[White "Barbagiannis, Panayotis"]
[Black "Koutroukis, Andreas"]
[Result "1/2-1/2"]
[WhiteElo "1922"]
[BlackElo "1853"]
[PlyCount "82"]
[EventDate "2009.06.25"]
[EventType "swiss"]
[EventRounds "9"]
[EventCountry "GRE"]
[SourceTitle "EXT 2011"]
[Source "ChessBase"]
[SourceDate "2010.11.26"]
[SourceVersion "1"]
[SourceVersionDate "2010.11.26"]
[SourceQuality "1"]

1. d4 Nf6 2. c4 g6 3. Nc3 Bg7 4. Nf3 0-0 5. Bg5 c5 6. d5 d6 7. e4 h6 8. Bh4 e6 9. Bd3 exd5 10. cxd5 a6 11. a4 b6 12. 0-0 Nbd7 13. Bg3 Qc7 14. Nd2 Nh5 15. Nc4 Nxg3 16. hxg3 Ne5 17. Nxe5 Bxe5 18. Qc1 Bg7 19. f4 f5 20. exf5 Bxf5 21. Bxf5 gxf5 22. Re1 Rae8 23. Qd1 Rxe1+ 24. Qxe1 Qf7 25. Qe6 Re8 26. Qxf7+ Kxf7 27. Kf1 Bd4 28. Ne2 Bf6 29. Nc3 Re3 30. Ra3 Bd4 31. Nb1 Rxa3 32. Nxa3 Ke7 33. b3 Bc3 34. Ke2 Bd4 35. Kf3 h5 36. Nc2 Bg1 37. Na3 Kd7 38. Ke2 Ke7 39. Kf3 Bd4 40. Nc2 Bg1 41. Na3 Bd4 1/2-1/2

[Event "GRE-ch U16"]
[Site "Kallithea"]
[Date "2009.06.29"]
[Round "7"]
[White "Gouderis, Dimitrios"]
[Black "Barbagiannis, Panayotis"]
[Result "1/2-1/2"]
[WhiteElo "1820"]
[BlackElo "1922"]
[PlyCount "53"]
[EventDate "2009.06.25"]
[EventType "swiss"]
[EventRounds "9"]
[EventCountry "GRE"]
[SourceTitle "EXT 2011"]
[Source "ChessBase"]
[SourceDate "2010.11.26"]
[SourceVersion "1"]
[SourceVersionDate "2010.11.26"]
[SourceQuality "1"]

1. e4 c5 2. Nf3 Nc6 3. d4 cxd4 4. Nxd4 g6 5. Nc3 Bg7 6. Be3 Nf6 7. f3 0-0 8. Bc4 Qb6 9. Bb3 Ng4 10. fxg4 Bxd4 11. Bxd4 Qxd4 12. Qe2 d6 13. Rd1 Qf6 14. h3 Qh4+ 15. Qf2 Qxf2+ 16. Kxf2 Be6 17. Nd5 Bxd5 18. Bxd5 Rac8 19. c3 Ne5 20. Rhe1 b5 21. Rd2 a5 22. Kg3 Rc5 23. Rf2 a4 24. a3 Kg7 25. Ref1 Rcc8 26. Rd1 Rc5 27. Rdf1 1/2-1/2

[Event "GRE-ch U16"]
[Site "Kallithea"]
[Date "2009.06.27"]
[Round "4"]
[White "Barbagiannis, Panayotis"]
[Black "Balomenakis, Haralambos"]
[Result "0-1"]
[WhiteElo "1922"]
[BlackElo "1778"]
[PlyCount "88"]
[EventDate "2009.06.25"]
[EventType "swiss"]
[EventRounds "9"]
[EventCountry "GRE"]
[SourceTitle "EXT 2011"]
[Source "ChessBase"]
[SourceDate "2010.11.26"]
[SourceVersion "1"]
[SourceVersionDate "2010.11.26"]
[SourceQuality "1"]

1. d4 Nf6 2. c4 e6 3. Nc3 Bb4 4. e3 0-0 5. Nge2 b6 6. a3 Be7 7. Nf4 Bb7 8. Bd3 d6 9. d5 e5 10. Nfe2 a5 11. Rb1 Nbd7 12. b4 h6 13. 0-0 Nh5 14. g4 Nhf6 15. Ng3 Nh7 16. f4 Re8 17. Bb2 Bf6 18. g5 e4 19. Bxe4 Rxe4 20. Ngxe4 hxg5 21. Nxf6+ Ndxf6 22. fxg5 Nxg5 23. Kh1 Qe7 24. Qd4 axb4 25. axb4 Re8 26. h4 Ne6 27. Qd1 Nf8 28. Qf3 Ng6 29. Nb5 Ne4 30. h5 Nd2 31. Qxf7+ Qxf7 32. Rxf7 Kxf7 33. hxg6+ Kxg6 34. Rg1+ Kf5 35. Rxg7 Nxc4 36. Rf7+ Kg6 37. Rf6+ Kg5 38. Nxc7 Rh8+ 39. Kg2 Nxb2 40. Rxd6 Nc4 41. Rd7 Bc8 42. Ne6+ Kf6 43. Rc7 Nxe3+ 44. Kf3 Nxd5 0-1

[Event "GRE-ch U18"]
[Site "Greece"]
[Date "2009.01.03"]
[Round "2"]
[White "Barbagiannis, Panayotis"]
[Black "Kourousis, Epaminondas"]
[Result "0-1"]
[WhiteElo "1941"]
[BlackElo "2228"]
[PlyCount "113"]
[EventDate "2009.01.02"]
[EventType "swiss"]
[EventRounds "9"]
[EventCountry "GRE"]
[SourceTitle "EXT 2011"]
[Source "ChessBase"]
[SourceDate "2010.11.26"]
[SourceVersion "1"]
[SourceVersionDate "2010.11.26"]
[SourceQuality "1"]

1. Nf3 Nf6 2. d4 e6 3. c4 b6 4. e3 Bb7 5. Bd3 Bb4+ 6. Bd2 Bxd2+ 7. Nbxd2 c5 8. 0-0 0-0 9. e4 cxd4 10. e5 Nh5 11. Nxd4 Nf4 12. Ne4 Qc7 13. Nf3 Ng6 14. Nd6 Bxf3 15. Qxf3 Nc6 16. Bxg6 hxg6 17. Qg3 Nd4 18. Qg4 Qc5 19. Rae1 Nc6 20. Qg3 Ne7 21. Re4 Nf5 22. Nxf5 exf5 23. Rh4 Rae8 24. Qh3 f6 25. exf6 Rxf6 26. Rh8+ Kf7 27. Rxe8 Kxe8 28. Qh8+ Qf8 29. Qxf8+ Rxf8 30. f4 d6 31. Kf2 Kd7 32. Ke3 Kc6 33. b4 Re8+ 34. Kd3 Re4 35. Rf3 d5 36. cxd5+ Kxd5 37. a3 Rd4+ 38. Kc3 Ke4 39. a4 a5 40. bxa5 bxa5 41. Rg3 Rd6 42. Kc4 Kxf4 43. Kb5 Rd5+ 44. Kc4 Rd6 45. Kb5 g5 46. Kxa5 g4 47. Kb5 Rh6 48. a5 Rxh2 49. Rb3 Rxg2 50. a6 Rh2 51. a7 Rh8 52. Kc4 Ra8 53. Rb7 g3 54. Rxg7 Kf3 55. Kc5 g2 56. Rg5 Rxa7 57. Rxf5+ 0-1

[Event "Attica-ch U16"]
[Site "Athens"]
[Date "2008.12.29"]
[Round "6"]
[White "Barbagiannis, Panayotis"]
[Black "Kountardas, Panagiotis"]
[Result "1-0"]
[WhiteElo "1934"]
[BlackElo "1772"]
[PlyCount "55"]
[EventDate "2008.12.25"]
[EventType "swiss"]
[EventRounds "7"]
[EventCountry "GRE"]
[SourceTitle "EXT 2011"]
[Source "ChessBase"]
[SourceDate "2010.11.26"]
[SourceVersion "1"]
[SourceVersionDate "2010.11.26"]
[SourceQuality "1"]

1. e4 c5 2. Nf3 g6 3. d4 cxd4 4. Nxd4 Nf6 5. Nc3 Nc6 6. Nxc6 bxc6 7. e5 Nh5 8. Be2 Qa5 9. Bxh5 gxh5 10. Bf4 Bg7 11. Qxh5 d6 12. 0-0 Bxe5 13. Qf3 Bb7 14. b4 Qc7 15. Bxe5 dxe5 16. Qg4 e6 17. Rfd1 f5 18. Qc4 Kf7 19. Nb5 Qe7 20. Nd6+ Kg7 21. Nxb7 Qxb7 22. Qxe6 Rhd8 23. Qxe5+ Kg6 24. Qe6+ Kg5 25. f4+ Kxf4 26. Rf1+ Kg5 27. Rxf5+ Kh4 28. Qe4# 1-0

[Event "GRE-ch U16"]
[Site "Kallithea"]
[Date "2008.07.01"]
[Round "5"]
[White "Liaskos, Leonidas"]
[Black "Barbagiannis, Panayotis"]
[Result "1-0"]
[WhiteElo "1964"]
[BlackElo "1871"]
[PlyCount "113"]
[EventDate "2008.06.28"]
[EventType "swiss"]
[EventRounds "9"]
[EventCountry "GRE"]
[SourceTitle "EXT 2010"]
[Source "ChessBase"]
[SourceDate "2010.11.25"]
[SourceVersion "1"]
[SourceVersionDate "2010.11.25"]
[SourceQuality "1"]

1. e4 c5 2. Nf3 d6 3. d4 cxd4 4. Nxd4 Nf6 5. Nc3 g6 6. Be3 Bg7 7. f3 Nc6 8. Qd2 0-0 9. Bc4 Bd7 10. g4 Qa5 11. h4 Ne5 12. Bb3 Rfc8 13. h5 Nc4 14. Bxc4 Rxc4 15. hxg6 hxg6 16. 0-0-0 Rac8 17. Nb3 Qa6 18. e5 Nxg4 19. fxg4 Bxg4 20. Rdg1 Bxe5 21. Bd4 Rxd4 22. Nxd4 Bd7 23. Kb1 Qb6 24. Rh4 Rc4 25. Rd1 Rb4 26. Nd5 Rxd4 27. Rxd4 Qxd4 28. Qxd4 Bxd4 29. Rxd4 Kf8 30. Kc1 e5 31. Rd2 Bc6 32. Nb4 Ke7 33. Nxc6+ bxc6 34. c4 f5 35. Kd1 g5 36. Ke2 e4 37. Ke3 Ke6 38. b4 Ke5 39. b5 f4+ 40. Ke2 cxb5 41. Rd5+ Ke6 42. Rxb5 g4 43. Kf2 e3+ 44. Ke2 a6 45. Rh5 Kf6 46. a4 Ke6 47. Rg5 g3 48. Kf3 Kf6 49. Rd5 Ke6 50. a5 g2 51. Kxg2 e2 52. Kf2 f3 53. Rh5 Kf6 54. Rd5 Ke6 55. Rg5 Kf6 56. Rh5 Ke6 57. Rd5 1-0

[Event "Nikaia Fysiolatriko op 06th"]
[Site "Nikaia"]
[Date "2008.06.25"]
[Round "6"]
[White "Barbagiannis, Panayotis"]
[Black "Trivizas, Mihail"]
[Result "1-0"]
[WhiteElo "1871"]
[BlackElo "2055"]
[PlyCount "49"]
[EventDate "2008.06.21"]
[EventType "swiss"]
[EventRounds "7"]
[EventCountry "GRE"]
[SourceTitle "EXT 2010"]
[Source "ChessBase"]
[SourceDate "2010.11.25"]
[SourceVersion "1"]
[SourceVersionDate "2010.11.25"]
[SourceQuality "1"]

1. Nf3 c5 2. e3 d5 3. d4 e6 4. c4 cxd4 5. Nxd4 dxc4 6. Bxc4 a6 7. 0-0 Nf6 8. Nc3 b5 9. Be2 Ra7 10. Qb3 e5 11. Nf3 Be6 12. Qc2 Qc7 13. Ng5 Bd7 14. Qb3 Bc6 15. f4 Bc5 16. Kh1 0-0 17. Qc2 Nbd7 18. Bg4 Be7 19. Bxd7 Bxd7 20. fxe5 Qxe5 21. e4 b4 22. Bf4 Qc5 23. e5 g6 24. exf6 Bxf6 25. Nge4 1-0

[Event "Attica-ch U16"]
[Site "Athens"]
[Date "2008.01.03"]
[Round "2"]
[White "Barbagiannis, Panayotis"]
[Black "Papadimitriou, Athanasios"]
[Result "0-1"]
[WhiteElo "1445"]
[BlackElo "1810"]
[PlyCount "54"]
[EventDate "2008.01.02"]
[EventType "swiss"]
[EventRounds "7"]
[EventCountry "GRE"]
[SourceTitle "EXT 2011"]
[Source "ChessBase"]
[SourceDate "2010.11.26"]
[SourceVersion "1"]
[SourceVersionDate "2010.11.26"]
[SourceQuality "1"]

1. Nf3 Nf6 2. d4 g6 3. c4 Bg7 4. e3 0-0 5. Bd3 d5 6. 0-0 c6 7. Nc3 Nbd7 8. e4 dxe4 9. Nxe4 Nxe4 10. Bxe4 Nb6 11. b3 Bg4 12. Be3 f5 13. Bc2 f4 14. Bd2 Bxd4 15. Qe2 Bxf3 16. gxf3 e5 17. Rad1 Qh4 18. Kh1 Nd7 19. Rg1 Nf6 20. Rg2 Rae8 21. c5 Kh8 22. Bb4 Nd5 23. Qc4 Bxf2 24. Bc3 Ne3 25. Qe4 Rf5 26. Rd7 Nxg2 27. Qc4 Bg3 0-1

[Event "Nikaia op 15th"]
[Site "Nikaia"]
[Date "2007.08.25"]
[Round "3"]
[White "Gazis, Efstathios"]
[Black "Barbagiannis, Panayotis"]
[Result "1-0"]
[WhiteElo "2307"]
[BlackElo "1944"]
[PlyCount "87"]
[EventDate "2007.08.23"]
[EventType "swiss"]
[EventRounds "9"]
[EventCountry "GRE"]
[SourceTitle "CBM 120 Extra"]
[Source "ChessBase"]
[SourceDate "2007.11.01"]
[SourceVersion "1"]
[SourceVersionDate "2007.11.01"]
[SourceQuality "1"]

1. e4 c5 2. Nf3 d6 3. d4 cxd4 4. Nxd4 Nf6 5. Nc3 g6 6. Be3 Bg7 7. f3 0-0 8. Qd2 Nc6 9. g4 d5 10. g5 Nh5 11. exd5 Nb4 12. Bc4 e5 13. Nde2 Bf5 14. Ne4 Qa5 15. Bb3 Nf4 16. N2c3 Rfd8 17. 0-0-0 Rac8 18. Kb1 b5 19. h4 Bxe4 20. fxe4 Rd6 21. a3 Ra6 22. Na2 Nxa2 23. Qxa5 Rxa5 24. Kxa2 Ng2 25. Bd2 Ra6 26. Rc1 Bf8 27. c4 b4 28. Bd1 Nf4 29. Bg4 Rc7 30. Bxf4 exf4 31. e5 bxa3 32. b3 Re7 33. Rce1 Re8 34. Rhf1 Bg7 35. e6 f5 36. gxf6 Bxf6 37. Rxf4 Bxh4 38. Rh1 Bg5 39. Rf7 h5 40. Bf3 Re7 41. Rg1 Be3 42. Rxg6+ Kh8 43. Rf8+ Kh7 44. Be4 1-0